Lighning / (Record no. 8021)

MARC details
000 -LEADER
fixed length control field 00837nam a22002897a 4500
001 - CONTROL NUMBER
control field 8021
003 - CONTROL NUMBER IDENTIFIER
control field FISKH
005 - DATE AND TIME OF LATEST TRANSACTION
control field 20251201141007.0
008 - FIXED-LENGTH DATA ELEMENTS--GENERAL INFORMATION
fixed length control field 250819b cb ||||| |||| 00| 0 eng d
020 ## - INTERNATIONAL STANDARD BOOK NUMBER
International Standard Book Number 9780590121224
040 ## - CATALOGING SOURCE
Original cataloging agency FISKH
Language of cataloging eng
Transcribing agency FISKH
Modifying agency FISKH
050 ## - LIBRARY OF CONGRESS CALL NUMBER
Classification number QC966 .S56
082 ## - DEWEY DECIMAL CLASSIFICATION NUMBER
Classification number 551.319
100 ## - MAIN ENTRY--PERSONAL NAME
Personal name Simon, Seymour
Dates associated with a name (1931-)
245 ## - TITLE STATEMENT
Title Lighning /
Statement of responsibility, etc. By Seymour Simon
250 ## - EDITION STATEMENT
Edition statement This edition first published in 1997
260 ## - PUBLICATION, DISTRIBUTION, ETC.
Place of publication, distribution, etc. New York :
Name of publisher, distributor, etc. Scholastic,
Date of publication, distribution, etc. 1997
300 ## - PHYSICAL DESCRIPTION
Extent 31 unnumbered pages :
Other physical details color illustrations ;
Dimensions 23 cm
505 ## - FORMATTED CONTENTS NOTE
Formatted contents note R<br/>
520 ## - SUMMARY, ETC.
Summary, etc. Photographs and text explore the natural phenomenon of lightning.<br/>
521 8# - TARGET AUDIENCE NOTE
Target audience note 690<br/>
Source Lexile<br/>
521 8# - TARGET AUDIENCE NOTE
Target audience note R<br/>
Source Raz-Plus<br/>
650 ## - SUBJECT ADDED ENTRY--TOPICAL TERM
Source of heading or term Non-fiction
Topical term or geographic name entry element Weather
650 ## - SUBJECT ADDED ENTRY--TOPICAL TERM
Source of heading or term Lightning
Topical term or geographic name entry element Meteorology
942 ## - ADDED ENTRY ELEMENTS (KOHA)
Source of classification or shelving scheme Dewey Decimal Classification
Koha item type Books
Suppress in OPAC No
Holdings
Withdrawn status Lost status Source of classification or shelving scheme Damaged status Not for loan Collection Home library Current library Shelving location Date acquired Total Checkouts Full call number Barcode Date last seen Date last checked out Copy number Price effective from Koha item type
    Dewey Decimal Classification     Non-Fiction Footprints International School Library Network Toul Tom Poung Campus Footprints International School Library Network Toul Tom Poung Campus TTP Primary Orange Bookshelves 08/19/2025 1 SIM 551.319 QC966 .S56 FISTK04924 12/01/2025 11/17/2025 1 08/19/2025 Books